000
00227 a2200085 4500
020
_a
9783836535656
100
_a
Philip Jodidio
245
_a
Santiago Calatrava: Architect, Engineer, Artist
260
_b
Taschen America Llc;
_c
2016
999
_c
13350
_d
13350